Statistics for Rivers and Lakes whose Names are Countries

Click here to take the quiz!

General Stats

  • This quiz has been taken 10,312 times
  • The average score is 8 of 12

Answer Stats

Hint Answer % Correct
According to the bible, Jesus was baptized in this riverJordan
92%
Kinshasa and Brazzaville lie on opposite banks of this riverCongo
91%
River that flows through TimbuktuNiger
77%
Lake that lies in the East African RiftMalawi
72%
There were plans to build a canal through this lake, as an alternative to the Panama canalNicaragua
70%
Shallow African lake that has shrunk by 90% since 1960Chad
68%
A very skinny African country consists of this river and the 10km of land to either sideGambia
68%
River flowing into the Río de la PlataUruguay
65%
This river divides its country into the Paraneña region and the Gran Chaco regionParaguay
57%
This river lies entirely in RomaniaMoldova
54%
This river flows alongside the Maya MountainsBelize
47%
River flowing through the city of Saint-Louis, which is also called "Venice of Africa"Senegal
37%

Score Distribution

Percentile by Number Answered

Percent of People with Each Score

Your Score History

You have not taken this quiz